000 00506nam a2200181Ia 4500
005 20250326125554.0
008 250326s9999 xx 000 0 und d
037 _aTextbook
040 _aFMSL
_beng
_cFMSL
041 _aeng
_2eng
084 _aXogB245 L1
_qFMSL
100 _aPeston M H
245 0 _aElementary matrices for economics
_cPeston M H
260 _aLondon
_bLondon, Routledge & Kegan Paul
_c1971
300 _a111p
942 _cTB
_hXogB245 L1
999 _c1278628
_d1278628